L' Année liturgique

Saved in:  
Bibliographic Details
Main Author: Guéranger, Prosper 1805-1875 (Author)
Corporate Author: University of Toronto. MitwirkendeR (Contributor)
Format: Electronic Book
Language:French
Check availability: HBZ Gateway
Interlibrary Loan:Interlibrary Loan for the Fachinformationsdienste (Specialized Information Services in Germany)
Published: Paris H. Oudin 1911
In:Year: 1911
Further subjects:B Catholic Church
Online Access: Volltext (kostenfrei)
Sammlungen:

MARC

LEADER 00000cam a22000002c 4500
001 1893698912
003 DE-627
005 20250117235942.0
007 cr uuu---uuuuu
008 240703s1911 xx |||||o 00| ||fre c
035 |a (DE-627)1893698912 
035 |a (DE-599)KXP1893698912 
035 |a (PRTC)lanneliturgiqu07gu 
040 |a DE-627  |b ger  |c DE-627  |e rda 
041 |a fre 
084 |a 1  |2 ssgn 
100 1 |8 1\p  |e VerfasserIn  |0 (DE-588)118719203  |0 (DE-627)142072257  |0 (DE-576)164092269  |4 aut  |a Guéranger, Prosper  |d 1805-1875 
109 |a Guéranger, Prosper 1805-1875  |a Guéranger, Prosper Luis 1805-1875  |a Guéranger, ... 1805-1875  |a Guéranger, Prosper-Louis-Pascal 1805-1875  |a Guéranger, Dom Prosper 1805-1875  |a Guéranger, Prosper Louis Paschal 1805-1875  |a Gueranger Dom 1805-1875  |a Dom Gueranger 1805-1875  |a Guéranger, P. 1805-1875  |a Guéranger, Prosp. 1805-1875 
245 1 3 |a L' Année liturgique  |c par Prosper Quéranger 
264 1 |a Paris  |b H. Oudin  |c 1911 
300 |a 1 Online-Ressource (15 v.) 
336 |a Text  |b txt  |2 rdacontent 
337 |a Computermedien  |b c  |2 rdamedia 
338 |a Online-Ressource  |b cr  |2 rdacarrier 
655 0 |a Catholic Church 
710 2 |a University of Toronto  |e MitwirkendeR  |4 ctb 
856 4 0 |u https://commons.ptsem.edu/id/lanneliturgiqu07gu  |m X:PRTC  |x Digitalisierung  |z kostenfrei  |7 0 
883 |8 1\p  |a cgwrk  |d 20241001  |q DE-101  |u https://d-nb.info/provenance/plan#cgwrk 
935 |a PRTC  |a mteo 
951 |a BO 
ELC |a 1 
LOK |0 000 xxxxxcx a22 zn 4500 
LOK |0 001 4546224850 
LOK |0 003 DE-627 
LOK |0 004 1893698912 
LOK |0 005 20240703124401 
LOK |0 008 240703||||||||||||||||ger||||||| 
LOK |0 035   |a (DE-Tue135)lanneliturgiqu07gu 
LOK |0 040   |a DE-Tue135  |c DE-627  |d DE-Tue135 
LOK |0 092   |o n 
LOK |0 689   |a f  |a Book 
LOK |0 852   |a DE-Tue135 
LOK |0 852 1  |9 00 
LOK |0 866   |x SPQUE#Theological Commons Princeton 
LOK |0 935   |a PRTC 
LOK |0 939   |a 03-07-24  |b l01 
OAS |a 1 
ORI |a SA-MARC-ixtheoa001.raw